Životné prostredie v mestách v kontexte s aktivitami Európskej únie

Environmentálne problémy európskych miest a ich riešenie. Európske aktivity na riešenie problémov životného prostredia v mestách. Tematická stratégia EÚ pre životné prostredie v mestách. Opatrenia na naplnenie cieľov Stratégie a ďalšie aktivity na podporu implementácie Stratégie.

Salvato in:
Dettagli Bibliografici
Autore principale: Gregor, Jozef
Natura: Capitolo di libro
Lingua:slovacco
Soggetti:
Tags: Aggiungi Tag
Nessun Tag, puoi essere il primo ad aggiungerne!!

MARC

LEADER 00000naa$a2200000$$$4500
001 0070412
005 20231121100521.2
041 0 |a slo 
044 |a SK 
245 1 0 |a Životné prostredie v mestách v kontexte s aktivitami Európskej únie  |c Jozef Gregor 
520 |a Environmentálne problémy európskych miest a ich riešenie. Európske aktivity na riešenie problémov životného prostredia v mestách. Tematická stratégia EÚ pre životné prostredie v mestách. Opatrenia na naplnenie cieľov Stratégie a ďalšie aktivity na podporu implementácie Stratégie. 
610 2 0 |a prostredie životné 
610 2 0 |a Európska únia 
610 2 0 |a mestá 
610 2 0 |a environmentalistika 
100 1 |a Gregor, Jozef